[Event "Kreuzberg 2000"]
[Site "Berlin"]
[Date "2000.07.29"]
[Round "8"]
[White "Hahn, Bernd"]
[Black "Brychcy, Felix"]
[Result "1-0"]
[WhiteElo "1724"]
[BlackElo "2060"]
[PlyCount "81"]
[EventDate "2000.07.??"]
[EventType "swiss"]
[EventRounds "9"]
[EventCountry "GER"]
[SourceTitle "EXT 2001"]
[Source "ChessBase"]
[SourceDate "2000.11.22"]
[SourceVersion "1"]
[SourceVersionDate "2000.11.22"]
[SourceQuality "1"]

1. d4 Nf6 2. c4 g6 3. Nc3 Bg7 4. e4 0-0 5. Nf3 d6 6. Be2 e5 7. 0-0 Nc6 8. d5 Ne7 9. Ne1 Nd7 10. Be3 f5 11. f3 f4 12. Bf2 a5 13. Nd3 b6 14. a3 g5 15. Qc2 Nf6 16. b4 Rf7 17. c5 bxc5 18. bxc5 g4 19. cxd6 cxd6 20. Rab1 Ng6 21. Bb6 Qe7 22. Nb5 Ne8 23. Rfc1 g3 24. h3 Bd7 25. Na7 Rxa7 26. Bxa7 Bxh3 27. Bb6 Bd7 28. Ne1 h5 29. Bb5 Bxb5 30. Rxb5 h4 31. Qc8 Bf8 32. Bd8 Qa7+ 33. Bb6 Qe7 34. Rxa5 Ng7 35. Ra7 Qf6 36. Bd8 Ne7 37. Bxe7 Rxe7 38. Rxe7 Qxe7 39. Rc7 Qf6 40. Qd7 Kh7 41. a4 1-0

[Event "Kreuzberg 2000"]
[Site "Berlin"]
[Date "2000.07.24"]
[Round "3"]
[White "Scheifler, Michael"]
[Black "Hahn, Bernd"]
[Result "0-1"]
[WhiteElo "1303"]
[BlackElo "1724"]
[PlyCount "60"]
[EventDate "2000.07.??"]
[EventType "swiss"]
[EventRounds "9"]
[EventCountry "GER"]
[SourceTitle "EXT 2001"]
[Source "ChessBase"]
[SourceDate "2000.11.22"]
[SourceVersion "1"]
[SourceVersionDate "2000.11.22"]
[SourceQuality "1"]

1. e4 d6 2. d4 Nf6 3. Nc3 g6 4. Nf3 Bg7 5. Be2 c6 6. 0-0 b5 7. h3 Bb7 8. Bg5 h6 9. Be3 0-0 10. b3 a6 11. Qd2 Kh7 12. Rad1 Qc7 13. Nh2 c5 14. d5 Nbd7 15. Ng4 Nxg4 16. Bxg4 Nf6 17. Bf3 Rac8 18. Ne2 a5 19. Nf4 Ba6 20. Rfe1 Nd7 21. Be2 Rb8 22. a4 Nf6 23. f3 g5 24. e5 gxf4 25. Bd3+ Kg8 26. Bxf4 dxe5 27. Bxe5 Qb6 28. Bxf6 Bxf6 29. Qxh6 Bd4+ 30. Kh1 Qxh6 0-1